000 00304nam a2200109Ia 4500
008 171211s9999 xx 000 0 und d
245 _aWhat the IRS Doesn't Want You to Know
245 _cMartin S. Kaplan
260 _c2003
650 _xECONOMICS
856 _uhttp://down.ebook777.com/062/0471449725.pdf
999 _c349618
_d349618